| 000 | 01250nam a2200265Ia 4500 | ||
|---|---|---|---|
| 003 | Ost | ||
| 005 | 20260416102354.0 | ||
| 008 | 260416s9999||||xx |||||||||||||| ||und|| | ||
| 040 | _cfsecg | ||
| 041 | _aara | ||
| 082 | _a658 | ||
| 100 |
_aعلمي، لزهر _eمؤلف |
||
| 245 | 0 |
_aمدخل لإدارة الأعمال / _c لزهر علمي |
|
| 260 |
_aالجزائر _bجامعة الجزائر3: كلية العلوم الإقتصادية، العلوم التجارية وعلوم التسيير _c2019 |
||
| 300 |
_a167 ورقة _bايضاحات _c30 سم |
||
| 504 | _aمراجع ص.163 | ||
| 520 | _aطبيعة العملية الادارية، تطور الفكر الداري (المدارس التنظيمية)، التخطيط كوظيفة إدارية، التنظيم كوظيفة إدارية، التوجيه كوظيفة إدارية، الرقابة كوظيفة إدارية. | ||
| 653 | _aادارة الاعمال | ||
| 653 | _aالادارة | ||
| 653 | _aالتخطيط | ||
| 653 | _aالتنظيم | ||
| 653 | _aالرقابة | ||
| 710 |
_aجامعة الجزائر3: كلية العلوم الإقتصادية، العلوم التجارية وعلوم التسيير _eناشر علمي |
||
| 942 | _cHANDOUT | ||
| 999 |
_c41117 _d41117 |
||